Eventi Storici del 1900 - indovina il decennio (Livello Facile) - Statistics

Statistiche generali
  • Questo quiz è stato fatto 262 volte
  • Il punteggio medio è 12 su 20
Statistiche sulle risposte
Domanda Risposta % Corretto
Inizio della Prima Guerra Mondiale '10
96%
Inizio della Seconda Guerra mondiale '30
84%
Anno in cui l'uomo è sbarcato per la prima volta sulla Luna '60
84%
Anno di nascita della Repubblica Italiana '40
82%
Anno della caduta del Muro di Berlino '80
82%
Anno della fine delle Guerre Jugoslave '90
76%
Anno in cui è avvenuto l'assassinio di John Fitzgerald Kennedy '60
66%
Anno in cui la nazionale di calcio italiana ha vinto il terzo titolo di campioni del mondo '80
66%
Anno della fine della Guerra Fredda '90
64%
Anno in cui sono avvenute la Strage di Capaci e la Strage di Via d'Amelio '90
63%
Anni in cui la nazionale di calcio italiana ha vinto il primo ed il secondo titolo di campioni del mondo '30
62%
Anno di costruzione del Muro di Berlino '60
59%
Anno di Inizio della Guerra Fredda '40
58%
Anno di inizio della Guerra in Vietnam '50
55%
Anno di fine della Guerra in Vietnam '70
51%
Anno del Festival di Woodstock '60
42%
Anno di inizio delle Guerre Jugoslave '90
42%
Anno d'elezione di Papa Giovanni Paolo II '70
38%
Anno della fine della prima Repubblica Italiana '90
33%
Anno di creazione di quello che oggi si chiama Internet '60
8%
Nessun quiz corrispondente trovato
Distribuzione punteggi
Percentuale di utenti per punteggio
Percentile per numero di risposta
I tuoi punteggi nel tempo
Non hai fatto questo quiz